Normal view
MARC view
- Teaching
Entry Topical Term
001 - CONTROL NUMBER
- control field: 43186
003 - CONTROL NUMBER IDENTIFIER
- control field: OSt
005 - DATE AND TIME OF LATEST TRANSACTION
- control field: 20210421151354.0
008 - FIXED-LENGTH DATA ELEMENTS
- fixed length control field: 210421|| aca||aabn | a|a d
040 ## - CATALOGING SOURCE
- Original cataloging agency: OSt
- Transcribing agency: OSt
150 ## - HEADING--TOPICAL TERM
- Topical term or geographic name entry element: Teaching
- General subdivision: Strategy.
670 ## - SOURCE DATA FOUND
- Source citation: Work cat.: (OSt): Zalta, Galina. 43185, Using drama with children/, c2006-2008
